Employees reward structures. (Record no. 5936)

MARC details
000 -LEADER
fixed length control field 00407nam a22001457a 4500
008 - FIXED-LENGTH DATA ELEMENTS--GENERAL INFORMATION
fixed length control field 140630b xxu||||| |||| 00| 0 eng d
020 ## - INTERNATIONAL STANDARD BOOK NUMBER
International Standard Book Number 9-781-907-444-128
082 ## - DEWEY DECIMAL CLASSIFICATION NUMBER
Classification number 658.3120941
Item number LAN
100 ## - MAIN ENTRY--PERSONAL NAME
Personal name Langley,Aidan
245 ## - TITLE STATEMENT
Title Employees reward structures.
Statement of responsibility, etc Aiden,Langley
260 ## - PUBLICATION, DISTRIBUTION, ETC. (IMPRINT)
Place of publication, distribution, etc London
Name of publisher, distributor, etc Spiramus press ltd
Date of publication, distribution, etc 2011
300 ## - PHYSICAL DESCRIPTION
Extent xxiii, 448 p.;
Dimensions 23 cm.
521 ## - TARGET AUDIENCE NOTE
Target audience note includes index
942 ## - ADDED ENTRY ELEMENTS (KOHA)
Source of classification or shelving scheme Dewey Decimal Classification
Item type Books
Holdings
Withdrawn status Lost status Source of classification or shelving scheme Damaged status Not for loan Home library Current library Shelving location Date acquired Total Checkouts Full call number Barcode Date last seen Price effective from Koha item type Public note
    Dewey Decimal Classification     Law Development Centre Main Library Law Development Centre Main Library Text Books and Laws 06/30/2014   658.3120941 LAN 9954/2014 06/30/2014 06/30/2014 Books Reserve